Κου-κου, κου-κου, παιδιά, η παράσταση αρχινά : 5 Θεατρικές σκηνές για μικρά παιδιά, εικονογράφηση Νάντια Κλεάνθους, Λίνος Ιωαννίδης
Αποθηκεύτηκε σε:
| Κύριος συγγραφέας: | |
|---|---|
| Μορφή: | Βιβλίο |
| Γλώσσα: | Greek |
| Δημοσίευση: |
Λευκωσία :
[χ.ό.],
1990.
|
| Θέματα: | |
| Ετικέτες: |
Προσθήκη ετικέτας
Δεν υπάρχουν, Καταχωρήστε ετικέτα πρώτοι!
|
MARC
| LEADER | 00000cam a2200000 i 4500 | ||
|---|---|---|---|
| 001 | 1/83741 | ||
| 008 | 970317s1990 gr | ||| |||| | gre|| | ||
| 020 | |a 99637790OX | ||
| 035 | |a 1993 |b 1 |c Δωρεά |l 10034273 | ||
| 040 | |a GR-MY-UA |b gre |e aacr | ||
| 041 | 0 | |a gre | |
| 082 | 0 | |a 792.0226 |2 (22) | |
| 100 | 1 | |a Κλεάνθους, Γιαννούλα. | |
| 245 | 1 | 0 | |a Κου-κου, κου-κου, παιδιά, η παράσταση αρχινά : |b 5 Θεατρικές σκηνές για μικρά παιδιά, εικονογράφηση Νάντια Κλεάνθους, Λίνος Ιωαννίδης / |c Γιαννούλα Κλεάνθους |
| 260 | |a Λευκωσία : |b [χ.ό.], |c 1990. | ||
| 300 | |a 83 σ. : |b εικ. ; |c 20 εκ. | ||
| 650 | 0 | 0 | |a Children's plays, Greek (Modern) |z Cyprus. |
| 852 | |a INST |b RHODES |e 19970317 |h 792.0226 ΚΛΕ |p 005400000341 |q 005400000341 |t BK |y 0 | ||
| 909 | |a Ρ |b 024642 |c 1993 | ||
| 922 | |a 4ΔΩΡ |b 199302 | ||
| 970 | |z 2000/06/ΟΙΚΟΝΟΜΟΠΟΥΛΟΥ (SUBJECT) | ||